1200 1567 1317 1587 1606 1961 1409 1474 1322 1976 1810 1315 1809 1733 1501 1839 1459 1354 1089 1217 1025 1932 1575 1886 1047 1691 1613 1164 1633 1402 1165 1836 1646 1400 1131 1431 1795 1591 1770 1267 1338 1673 1964 1372 1734 1730 1015 1524 1756 1397 1542 1043 1191 1707 1111 1777 1932 1400 1287 1491 1546 1921 1787 1222 1369 1429 1447 1248 1107 1599 1929 1668 1825 1755 1839 1132 1467 1946 1498 1797 1788 1779 1699 1873 1982 1023 1847 1771 1758 1783 1772 1981 1969 1493 1094 1334 1515 1117 1140 BCNSPRNW ULIB Ver.6.0+V

เปลี่ยนเป็นภาษาไทย

Change to English
 แสดงรายละเอียดบรรณานุกรม
  กลับหน้าหลัก

Brief Record : Get Marc (ISO 2709) : E-mail record : QR code < ปิดหน้าต่าง
LEADER : 00000nam 2200000uu 4500
001    13399127406
003     ULIB
008    200519s2019||||th 000 0 tha d
020    ^a9781506259871 (pbk.)
050  4 ^aPE1128^bS532Bt
100 1  ^aSharpe, Pamela J.
245 10 ^aBarron s TOEFL iBT :^binternet-based test /^cPamela J.Sharpe
246 30 ^aTOEFL iBT :^bInternet-based test
246 30 ^aTOEFL Internet-based test
250    ^a16th ed.
260    ^aHauppauge, N.Y. :^bKaplan/Barron s Educational Series,^c2019
300    ^avi, 810 p. :^bill. ;^c28 cm.
650  0 ^aTest of English as a Foreign Language^vStudy guides
650  0 ^aEnglish language^vTextbooks for foreign speakers
650  0 ^aEnglish language^xExaminations^vStudy guides
653    ^aTOEFL
945    ^p386^l0^i007079
999    ^aประนอม เกษจรัล
รายการนี้ยังไม่มีแท็ก
คุณยังไม่ได้ล็อกอิน คุณสามารถมีกิจกรรมร่วมกับเว็บไซต์ได้ แต่ต้องล็อกอินก่อน ::
  ล็อกอิน

รายการสื่อสารสนเทศ

ลำดับที่ ประเภท เลขเรียก/บาร์โค้ด สถานที่ สถานะ
1. การศึกษาทั่วไป
หนังสือสำรอง
สถานะ=หนังสือสำรอง
PE1128 S532Bt ฉ.1 
  Barcode: 007079
ห้องสมุดวิทยาเขตสวรรค์ประชารักษ์
►หนังสือทั่วไป
บนชั้น

รายการใกล้เคียง
    ผู้แต่ง [Sharpe, Pamela J.]

BibComment


ยังไม่เคยถูกคอมเมนท์

คอมเมนท์ทรัพยากรรายการนี้
  คอมเมนท์: Barron s TOEFL i..


 Copyright 2026. Bcnsprnw @Library